| 000 | 00840nam a2200229 a 4500 | ||
|---|---|---|---|
| 001 | 41100 | ||
| 003 | BD-RjUL | ||
| 005 | 20211209053329.0 | ||
| 008 | 160515s1975 ii ||||| |||| 00| 0 ben d | ||
| 020 | _cIRs. 30.00 | ||
| 035 | _a(BD-RjUL)41216 | ||
| 040 |
_aBD-RjUL _bben _cBD-RjUL |
||
| 041 | _aben | ||
| 082 |
_223 _a294.59213 _bSAM 1975 |
||
| 245 | 0 | 0 |
_aসামবেদ-সংহিতা / _cঅনুবাদ ও সম্পাদনা : পরিতোষ ঠাকুর |
| 260 |
_aকলকাতা : _bহরফ প্রকাশনী, _c১৯৭৫ |
||
| 300 |
_a[২৪], ১৮৩ পৃ. ; _c২২ সেমি. |
||
| 650 |
_aসামবেদ _9119271 |
||
| 650 |
_aSamaveda _9119272 |
||
| 700 |
_aঠাকুর, পরিতোষ, অনুবাদক ও সম্পাদক _9126439 |
||
| 942 |
_2ddc _cBK |
||
| 999 |
_c41100 _d41100 |
||